| 000 | 00682nam a2200301Ia 4500 | ||
|---|---|---|---|
| 005 | 20260401122447.0 | ||
| 008 | 008 250103s9999 xx 000 0 eng d | ||
| 020 | _a9780230250376 | ||
| 037 | _aTB | ||
| 040 | _aEDL | ||
| 040 | _beng | ||
| 040 | _cEDL | ||
| 041 | _2eng | ||
| 041 | _aeng | ||
| 084 | _a820.9BAL | ||
| 084 | _qEDL | ||
| 100 |
_aBaldwin, Anna _91233695 |
||
| 245 | 3 | _aAn Introduction to Medieval English Literature 1300-1485 | |
| 245 | 0 | _cBaldwin, Anna | |
| 260 | _aNew York | ||
| 260 | _bPalgrave Macmillan | ||
| 260 | _c2015 | ||
| 300 | _a282p | ||
| 942 | _cTB | ||
| 942 | _h820.9BAL | ||
| 999 |
_c1847428 _d1847428 |
||